000 00835cam a22002654a 4500
008 020911s2003 maua b 001 0 eng
010 _a 2001133236
020 _a0618150366
040 _aDLC
_cDLC
_dDLC
050 0 0 _aHF5548.32
_b.C356 2003
082 0 0 _a658.8/72
_222
092 0 4 _a658.872
_bC235
_221
099 _a04
_a658.872 C235
100 1 _aCanzer, Brahm.
245 1 0 _aE-business :
_bstrategic thinking and practice /
_cBrahm Canzer.
260 _aBoston :
_bHoughton Mifflin,
_cc2003.
300 _axvii, 366 p. :
_bill. ;
_c24 cm.
504 _aIncludes bibliographical references (p. 351-357) and index.
650 0 _aElectronic commerce.
902 _a1
905 _aGehan
_eRev.
905 _aJihan
_eCat.
942 _2ddc
_cBK
999 _c116670
_d116670